| 000 | 00953 a2200241 4500 | ||
|---|---|---|---|
| 999 |
_c4042 _d4042 |
||
| 020 | _a013240981X | ||
| 020 | _a9780132409810 | ||
| 050 | 0 | 0 | _aQA 76.3 BRO 2007 |
| 100 | 1 |
_aBrooks, Charles J. _eauthor |
|
| 245 | 1 | 0 |
_aMaintaining and repairing PCs / _c[written by Charles J. Brooks]. |
| 250 | _a5th ed. | ||
| 264 |
_aNew Jersey : _bPearson _c2007 |
||
| 300 |
_axxx, 964 p. : _bill. (chiefly col.) ; |
||
| 500 | _a"20th anniversary"--Cover. | ||
| 500 | _a"Complete coverage of CompTIA's 2006 A+ certification exams"--Cover. | ||
| 500 | _a"Featuring tech support case studies from the Geek Squad"--Cover. | ||
| 650 | 0 |
_aElectronic data processing personnel _xCertification |
|
| 650 | 0 |
_aMicrocomputers _xMaintenance and repair. |
|
| 650 | 0 |
_aComputer technicians _xCertification |
|
| 710 | 2 | _aMarcraft International Corporation. | |
| 942 |
_2lcc _cBK _h76.3 _iBRO _kQA |
||